| 000 | 00555nam a2200193 a 4500 | ||
|---|---|---|---|
| 001 | 2789 | ||
| 005 | 20140414131938.0 | ||
| 008 | 051020s19uu xx 00 eng d | ||
| 020 | _a0-307-13154-8 | ||
| 050 |
_aER _bB23 1998 |
||
| 100 | _aZakarin, Debra Mostow | ||
| 245 |
_aBarbie: the new baby / _cby Debra Mostow Zakarin ; illustrated by S. I. Artist. |
||
| 260 |
_aNew York : _bA Golden Book, _c1998. |
||
| 300 | _a1 v. p. : ill. ; cm. | ||
| 440 | _aDear Barbie. | ||
| 650 |
_aSisters _xFiction. |
||
| 650 | _aChildren stories. | ||
| 999 |
_c112515 _d112515 |
||